000 00418nam a2200169Ia 4500
008 230516s9999 xx 000 0 und d
041 _aeng
082 _a615
_bMOH
100 _aMOHAMMOED ALI,GUPTA
245 _aDRUG STORE AND BUSINESS MANAGEMENT
260 _bC.B.S. PUBLISHERS & DISTRUTORS
_c1997
300 _a344
365 _h10
500 _aPB
520 _aPMM
650 _aPHARMA MARKETING MANAGEMENT
999 _c363149
_d363149